| 000 | 00495nam a22001817a 4500 | ||
|---|---|---|---|
| 003 | CEME | ||
| 005 | 20210628202930.0 | ||
| 008 | 210211b xxu||||| |||| 00| 0 eng d | ||
| 020 | _a0-471-90274-8 | ||
| 040 | _c. | ||
| 082 | _a510 HAN | ||
| 100 |
_aLedermann, W Lloyd, Emlyn _962373 |
||
| 245 | _aHandbook of applicable mathematics, vol-vi,part-a, statistics | ||
| 260 |
_aNEW YORK _bJOHN WILEY _c1996 |
||
| 300 | _aXXI,580P | ||
| 650 |
_aSTATISTICS; MATHEMATICS _962374 |
||
| 942 |
_cBK _2ddc |
||
| 999 |
_c571510 _d571510 |
||